000
00232 a2200097 4500
001
33456
100
_a
Reddy, R.J
245
_a
Research Methodology
260
_a
New Delhi
_b
APH Publishing Corporation
_c
2004
090
_c
22284
_d
22284
942
_a
NUST-CAE
_c
M
_c
13652
999
_c
268529
_d
268529